Guess the lyrics (#39) - Statistics

General Stats
  • This quiz has been taken 159 times
    138 since last reset
  • The average score is 203 of 483
Answer Stats
Answer % Correct
I
96%
a
95%
the
92%
The
92%
ya,
90%
ya
90%
you
89%
You
89%
o
82%
and
81%
He
79%
he
79%
in
78%
me
78%
to
77%
When
77%
it
76%
it,
76%
on?
76%
on
76%
be
75%
do
75%
your
75%
no
74%
No,
74%
We
73%
we
73%
Who
73%
'im
69%
what
68%
What
68%
is
67%
there
64%
are
63%
of
62%
that
61%
see?
60%
see
60%
Not
58%
too
58%
Why
57%
All
56%
all
56%
know
56%
know,
56%
they
55%
They
55%
want
54%
don't
53%
him
53%
It's
51%
like
50%
look
50%
get
49%
Get
49%
us
49%
will
49%
up
48%
'em
47%
into
47%
say
47%
Say
47%
we're
47%
has
46%
them
46%
got
45%
J.
45%
one
45%
Man
44%
man
44%
Man,
44%
man,
44%
down
43%
eyes
42%
going
42%
think
42%
from
41%
out
41%
out,
41%
but
39%
with
38%
every
37%
heal
37%
time
36%
Time
36%
Yeah,
34%
Yeah
34%
yeah
34%
make
33%
well
33%
You've
33%
now
32%
they're
32%
They're
32%
Lemme
30%
Let
30%
world
30%
'cause
28%
come
28%
right
28%
little
27%
tell
27%
what's
27%
baby
24%
old,
24%
there's
24%
Dr
23%
He's
23%
he's
23%
wants
23%
blue
22%
sing
22%
sing"
22%
That's
22%
that's
22%
everything
21%
Everything
21%
young,
21%
says
20%
bit
19%
people
19%
People
19%
"Peoples"
19%
"Peoples,
19%
things
18%
big
17%
everybody
17%
Everybody
17%
Everybody,
17%
everybody,
17%
Star
17%
being
16%
really
16%
again
15%
lot
15%
black,
14%
light"
14%
needs
14%
call
13%
each
13%
still
13%
Elvis
12%
"Elvis,
12%
Elvis,
12%
talk
12%
Talk
12%
trying
11%
white,
11%
King
10%
mom
9%
person
9%
walking
9%
Everybody's
8%
everywhere
8%
fat,
8%
heck's
8%
inside
8%
leg
8%
lip
8%
looks
8%
talkin'
8%
brown
7%
faces
7%
Listen
7%
perfect
7%
Save
7%
Soon
7%
street
7%
become
6%
Captain
6%
either
6%
moving
6%
Rivers,
6%
skinny,
6%
Spock
6%
anti-Elvis
5%
Anti-Elvis
5%
anyway?
5%
Bermuda
5%
boats
5%
built
5%
Elvislution
5%
E's
5%
evolution
5%
except
5%
Fox
5%
jeans
5%
Lots
5%
Michael
5%
outer
5%
pyramids?
5%
rockin'
5%
space
5%
Stonehenge?
5%
talking
5%
themselves
5%
Triangle?
5%
Allah
4%
born
4%
Commodore
4%
evil
4%
guys
4%
Joan
4%
peace
4%
sailing
4%
unexplained
4%
Buddies
3%
carts
3%
Elvisness
3%
fool
3%
harmony
3%
Idol
3%
Joanie
3%
Nutty
3%
opposite
3%
phenomena
3%
pushing
3%
shopping
3%
speaking
3%
towards
3%
Trek
3%
Billy
2%
cheeseburgers
2%
gentlemen
2%
jive
2%
Klingons
2%
ladies
2%
eveywhere
0%
No matching quizzes found
Score Distribution
Percent of People with Each Score
Percentile by Number Answered
Your Score History
You have not taken this quiz since the last reset